000 00646nam a2200217Ia 4500
003 OSt
005 20251106150756.0
008 221004b |||||||| |||| 00| 0 urd d
020 _a8180420353 (hbk)
037 _cTB
040 _aCRL
_cCRL
_burd
041 _2urd
_aurd
084 _aO168w P5
_qCRL
100 _aHussain Mujtaba
_9401246
245 0 _aAap ki tareef
260 _aNew Delhi
_bModern Publishing House India
_c2005
300 _a312p.
_ccm.
650 _aURDU LITERATURE
_9850316
942 _hO168w P5
_cTB
_2CC
_n0
999 _c983978
_d983978